Czyja to stolica Europa #3 - Statystyki

Ogólne statystyki
  • Ten quiz został rozwiązany 52 razy
  • Średni wynik to 10 z 11
Statystyki odpowiedzi
Hint Odpowiedź % Poprawnych
Warszawa Polska
97%
Reykjavík Islandia
94%
Valletta Malta
94%
Słowenia Słowenia
94%
Ryga Łotwa
92%
Tallinn Estonia
89%
Kiszyniów Mołdawia
89%
Podgorica Czarnogóra
86%
Vaduz Liechtenstein
86%
Sarajewo Bośnia i Hercegowina
83%
Prisztina Kosowo
81%
Nie znaleziono quizów pasujących do podanych kryteriów
Rozkład punktacji
Procent ludzi z każdym wynikiem
Percentyl według liczby udzielonych odpowiedzi
Twoja historia wyników
Nie rozwiązałeś tego quizu